000 00363nam a22001457a 4500
003 OSt
005 20220127113640.0
008 220127b |||||||| |||| 00| 0 eng d
020 _a9971512041
040 _cH U
082 _22ed
_a621.31042
100 _aSen P. C.
_928772
245 _aPrinciple of Electric Machines And Power Electronics
942 _2ddc
_cBOOKS
_n0
999 _c28142
_d28142